| 000 | 00498nam a22001937a 4500 | ||
|---|---|---|---|
| 003 | CEME | ||
| 005 | 20210628204156.0 | ||
| 008 | 210105b xxu||||| |||| 00| 0 eng d | ||
| 020 | _a9788120344730 | ||
| 040 | _cceme | ||
| 082 | _a621.2 SAW | ||
| 100 |
_aSawhney, G.S _963721 |
||
| 245 | _aThermal and hydraulic machines | ||
| 250 | _a2ND | ||
| 260 |
_aNEW DELHI _bPRENTICE HALL OF INDIA _c2011 |
||
| 300 | _aXIII, 578P | ||
| 650 |
_aTHERMAL AND HYDRAULIC MACHINES. _969122 |
||
| 942 |
_cBK _2ddc |
||
| 999 |
_c576524 _d576524 |
||